F. Ioan. Dvns Scoti, Ordinis Minorvm Theologorvm Omnivm Eminentissimi Atque Academiae subtilium Antesignani, Quaestiones Quarti Voluminis scripti Oxoniensis Super Sententias. A R. P. Salvatore Bartolvcio Assisiate, Conuentuali Franciscano, artium, ac sacrae Theologiae Doctore, doctrinaeqȝ Scoticae Illustratore, fidelissime recognitae, collationeqȝ multorum codicum emendatiores, castigatioresqȝ nunc redditae, Nec non variarum lectionum, atque animaduersionum dote locupletatae, ornatae, [et] illustratae

Bibliographic Details
Main Authors: Duns Scotus, Johannes, asi 1265-1308 (Author), Flavin, Melchior de, zomrel 1580 (Author)
Corporate Author: Griffio, Alessandro (Benátky, Taliansko) (Printer)
Other Authors: Bartolucci, Salvatore, zomrel 1603 (Editor), Griffio, Alessandro, zomrel 1585 (Printer)
Format: Book
Language:Latin
PhysicalDescription:883, [10] strán 8° 16,5 × 11,5 cm
Published: Venetiis Apud Haeredes Melchioris Sessae M D L XXX. [=1580]
Subjects:

MARC

LEADER 00000nam a2200000 a 4500
001 vtls001516064
003 SK-MaSNL
005 20260302073848.0
008 251112s1580 it f 001 0 lat
015 |a SNBHFA 
035 |a 11392Okol 
035 |a 8E835D72-37DE-47A2-8082-CFF3B28AFA38 
035 |a urn:nbn:sk:snk-am00ijun 
035 |a 6D2A7B20-5B66-4B64-A109-0E83EFEA3FEA 
035 |a urn:nbn:sk:snk-am00ik5m 
035 |a urn:nbn:sk:snk-am3ivej 
035 |a 24CEB703-6032-461C-BCF8-CC4058A00E73 
035 |a urn:nbn:sk:snk-am00fj7g 
040 |a SNKHFA  |b slo  |c SNKHFA  |e AACR2 
041 0 |a lat 
044 |a it  |c IT 
072 7 |a 2-1  |x Prirodzená teológia. Náboženská filozofia  |2 konspekt 
080 |a 2‑1  |2 2011 
080 |a 2‑21  |2 2011 
080 |a 27‑426  |2 2011 
100 1 |a Duns Scotus, Johannes,  |d asi 1265-1308  |4 aut  |9 127417 
245 1 0 |a F. Ioan. Dvns Scoti, Ordinis Minorvm Theologorvm Omnivm Eminentissimi  |b Atque Academiae subtilium Antesignani, Quaestiones Quarti Voluminis scripti Oxoniensis Super Sententias. A R. P. Salvatore Bartolvcio Assisiate, Conuentuali Franciscano, artium, ac sacrae Theologiae Doctore, doctrinaeqȝ Scoticae Illustratore, fidelissime recognitae, collationeqȝ multorum codicum emendatiores, castigatioresqȝ nunc redditae, Nec non variarum lectionum, atque animaduersionum dote locupletatae, ornatae, [et] illustratae 
246 3 8 |a Scoti Quást. 
260 |a Venetiis  |b Apud Haeredes Melchioris Sessae  |c M D L XXX. [=1580]  |e Venetiis  |f Alecander Gryphius Excudebat 
300 |a 883, [10] strán  |c 8°  |c 16,5 × 11,5 cm 
500 |a Signet, vlys, iniciálky s ornamentálnym a figurálnym pozadím vo voľnom priestore na 4 a 5 riadkov 
501 |a Príväzok 1.: DUNS SCOTUS, Johannes. Resolvtiones In Qvartvm Lib. Sententiarvm. Venetiis: Apud Haeredes Melchioris Sessae, 1580.  |5 SNKID 100485/4/1-2/prív.1 D1 
501 |a Príväzok 1.: DUNS SCOTUS, Johannes. Resolvtiones In Qvartvm Lib. Sententiarvm. Venetiis: Apud Haeredes Melchioris Sessae, 1580.  |5 SNKID 100485/4/1-2/prív.1 D2 
501 |a Príväzok 1.: DUNS SCOTUS, Johannes. Resolvtiones In Qvartvm Lib. Sententiarvm. Venetiis: Apud Haeredes Melchioris Sessae, 1580.  |5 SNK ID 103616/prív.1 
504 |a Text radený do dvoch stĺpcov, marginálie, kustody 
510 4 |a Edit 16 CNC 17876 
546 |a Latinčina  |b Antiqua  |b Kurzíva 
561 |a Z knižnice františkánov Okoličné.  |5 SNKID 100485/4/1-2 D1 
561 |a Z knižnice františkánov Bratislava. - Oválna pečiatka Bibliotheca O. FF. M. Prov. S. Mariae.  |5 SNKID 100485/4/1 
561 |a Z knižnice františkánov Pruské.  |5 SNKID 100485/4/1-2 D2 
562 |a Rukopisný exlibris: Conuentũs Okolicznensis Frũm Minorũm.  |5 SNKID 100485/4/1-2 D1 
562 |a Rukopisné exlibrisy: emi perusie. m. DCXXVIII [...]. - Monasterij Sanctiss.  |5 SNKID 100485/4/1-2 D2 
562 |a Defekt: poškodený titulný list.  |5 SNK ID 103616 
562 |a Proveniencia: Conventij...  |5 SNK ID 103616 
563 |a Väzba: tmavožltý hladký pergamen, mierne ošúchaný.  |5 SNKID 100485/4/1-2 D1 
563 |a Väzba: drsný žlto-sivý pergamen so stopami po šnúrkach, poškodený.  |5 SNKID 100485/4/1-2 D2 
563 |a Väzba: modrá vzorovaná papierovo-kartónová lepenka, chrbát hnedá koža s jednoduchou zlatou ornamentálnou slepotlačou a červeným textovo-papierovým štítkom.  |5 SNKID 100485/4/1 
563 |a Väzba: tmavohnedá koža so slepotlačou, stopy po dvoch kovových sponách.  |5 SNK ID 103616 
650 0 7 |a teológia  |2 SNKPH  |9 1814 
650 0 7 |a kresťanstvo  |2 SNKPH  |9 2024 
650 0 7 |a náboženstvo  |2 SNKPH  |9 2023 
700 1 |a Flavin, Melchior de,  |d zomrel 1580  |4 aut  |9 127646 
700 1 |a Sessa, Melchiorre  |b I.,  |c dedičia,  |d 16. storočie  |4 pbl  |9 130431 
700 1 |a Bartolucci, Salvatore,  |d zomrel 1603  |4 edt  |9 179241 
700 1 |a Griffio, Alessandro,  |d zomrel 1585  |4 prt  |9 179242 
710 1 |a Františkáni (Bratislava, Slovensko)  |4 fmo  |9 281881 
710 0 |a Griffio, Alessandro (Benátky, Taliansko),  |d 1578-1585  |4 prt  |9 433659 
710 0 |a Sessa, Melchiorre I. - dedičia (Benátky, Taliansko),  |d 1561-1600  |4 pbl  |9 179200 
710 1 |a Františkáni (Pruské, Slovensko),  |d 1642-1950  |4 fmo  |9 305426 
710 1 |a Františkáni (Okoličné, Slovensko)  |4 fmo  |9 305376 
752 |a Taliansko  |d Benátky 
852 |a Slovenská národná knižnica  |b Historické fondy 
852 |a snk  |b Františkáni Bratislava  |p ID 100485/4/1 
852 |a snk  |b Františkáni Okoličné  |p ID 100485/4/1-2 D1 
852 |a snk  |b Františkáni Pruské  |p ID 100485/4/1-2 D2 
852 |a snk  |b Základný fond  |p ID 103616 
958 |a DA 
958 |a ONDV 
999 |c 1162667  |d 1164597 
952 |t Základný fond 42402  |a SNK  |b SNK  |c SNK_HF  |y PREZ  |7 0  |p 17A1488099  |o snkID 103616  |i snk2024/16568  |8 5  |0 0  |1 0  |4 0  |d 2024-10-29  |l 0  |r 2026-02-24 20:38:33  |w 2026-02-24 
952 |t Fr Ba 4054  |a SNK  |b SNK  |c SNK_HF  |y PREZ  |7 0  |p 17A1355470  |o snkID 100485/4/1  |i snk2019/8382  |8 5  |0 0  |1 0  |4 0  |d 2005-04-05  |f 1  |l 0  |r 2005-04-05 00:00:00  |w 2026-02-24 
952 |t Fr Okol 11 392  |a SNK  |b SNK  |c SNK_HF  |y PREZ  |7 0  |p 17A1356213  |o snkID 100485/4/1-2 D1  |i snk2019/17866  |8 5  |z Kniha má jeden príväzok  |0 0  |1 0  |4 0  |d 2005-04-05  |f 1  |l 0  |r 2005-04-05 00:00:00  |w 2026-02-24 
952 |t Fr Prus 16 343  |a SNK  |b SNK  |c SNK_HF  |y PREZ  |7 0  |p 17A1356480  |o snkID 100485/4/1-2 D2  |i snk2019/19651  |8 5  |z Kniha má jeden príväzok  |0 0  |1 0  |4 0  |d 2019-07-30  |f 1  |l 0  |r 2026-02-24 20:38:33  |w 2026-02-24